FIFA World Cup Team of the Tournaments since 2000 - Statistics

General Stats
  • This quiz has been taken 97 times
  • The average score is 46 of 67
Answer Stats
Answer % Correct
Kylian Mbappe
95%
Kylian Mbappe
95%
Lionel Messi
95%
Achraf Hakimi
93%
Oliver Kahn
91%
Cristiano Ronaldo
90%
Harry Kane
90%
Kevin De Bruyne
90%
Ronaldo
90%
Luka Modric
89%
Manuel Neuer
88%
Thibaut Courtois
88%
Andres Iniesta
85%
Xavi
85%
James Rodriguez
84%
Iker Casillas
83%
Miroslav Klose
83%
David Villa
81%
Diego Forlán
81%
Gianluigi Buffon
81%
Thomas Muller
81%
Antoine Griezmann
80%
Carles Puyol
80%
Sergio Ramos
80%
Thiago Silva
80%
Zinedine Zidane
80%
Marcelo
79%
Philipp Lahm
79%
Olivier Giroud
75%
Andrea Pirlo
74%
Mats Hummels
74%
Neymar
74%
Diego Godin
73%
Toni Kroos
73%
Josko Gvardiol
72%
Raphael Varane
72%
Bastian Schweinsteiger
70%
Ronaldinho
70%
Fabio Cannavaro
69%
Luis Figo
69%
Thierry Henry
69%
Wesley Sneijder
65%
Angel Di Maria
63%
Didier Deschamps
62%
Harry Maguire
60%
Hong Myung-bo
59%
Lilian Thuram
59%
Rivaldo
59%
Roberto Carlos
59%
Gennaro Gattuso
58%
Joachim Low
58%
Dominik Livakovic
57%
Sofyan Amrabat
56%
David Luiz
54%
Fernando Hierro
53%
Maicon
51%
Gianluca Zambrotta
49%
Michael Ballack
49%
Vicente del Bosque
49%
Philippe Coutinho
47%
Marcos Acuna
46%
Marcello Lippi
35%
Sol Campbell
35%
Azzedine Ounahi
23%
Luiz Felipe Scolari
21%
El Hadji Diouf
17%
Walid Regragui
17%
No matching quizzes found
Score Distribution
Percent of People with Each Score
Percentile by Number Answered
Your Score History
You have not taken this quiz